[Event "Witney op-B 10th"]
[Site "Witney"]
[Date "2023.11.05"]
[Round "4"]
[White "Bryant, Jeffrey"]
[Black "Imam Sadeque, Ali"]
[Result "0-1"]
[WhiteElo "1659"]
[BlackElo "1657"]
[PlyCount "72"]
[EventDate "2023.11.04"]
[EventType "swiss"]
[EventRounds "5"]
[EventCountry "ENG"]
[SourceTitle "CB46_2023"]
[SourceDate "2023.11.15"]
[SourceVersion "1"]
[SourceVersionDate "2023.11.15"]
[SourceQuality "1"]

1. e4 e5 2. Nc3 Nf6 3. f4 d5 4. fxe5 Nxe4 5. Qf3 Nc6 6. Bb5 Nxc3 7. bxc3 Qh4+ 8. g3 Qe4+ 9. Qxe4 dxe4 10. Bxc6+ bxc6 11. Rb1 Bc5 12. Ne2 0-0 13. d4 exd3 14. cxd3 Bf5 15. Rb7 Bb6 16. d4 Bc8 17. Rxb6 axb6 18. a3 f6 19. exf6 Re8 20. f7+ Kxf7 21. Rf1+ Kg6 22. Kd2 Rxe2+ 23. Kxe2 Ba6+ 24. Kf2 Bxf1 25. Kxf1 Kf5 26. Kf2 Ke4 27. Ke2 h6 28. h3 g5 29. h4 gxh4 30. gxh4 h5 31. Bb2 Kf4 32. Kd3 Kg4 33. Kc4 Kxh4 34. d5 cxd5+ 35. Kxd5 Rd8+ 36. Kc6 Rd2 0-1

[Event "Witney op-B 10th"]
[Site "Witney"]
[Date "2023.11.04"]
[Round "2"]
[White "Bryant, Jeffrey"]
[Black "Tomboline, David"]
[Result "1/2-1/2"]
[WhiteElo "1659"]
[BlackElo "1933"]
[PlyCount "52"]
[EventDate "2023.11.04"]
[EventType "swiss"]
[EventRounds "5"]
[EventCountry "ENG"]
[SourceTitle "CB46_2023"]
[SourceDate "2023.11.15"]
[SourceVersion "1"]
[SourceVersionDate "2023.11.15"]
[SourceQuality "1"]

1. e4 e5 2. Nc3 Nf6 3. f4 d5 4. fxe5 Nxe4 5. Qf3 f5 6. d3 Nxc3 7. bxc3 Be7 8. d4 Be6 9. Bd3 0-0 10. Ne2 c5 11. Nf4 Qd7 12. Nxe6 Qxe6 13. 0-0 g6 14. Bh6 Rf7 15. Qg3 Kh8 16. h4 Nc6 17. Rf4 Rg8 18. Bg5 Nd8 19. Raf1 h5 20. Qf3 Rh7 21. Bxe7 Qxe7 22. Qxd5 Ne6 23. R4f2 Rd8 24. Qf3 cxd4 25. Qg3 Rg7 26. c4 b6 1/2-1/2